000 00581nam a2200217 a 4500
008
020 _a0827368690 (cased)
049 _aMAIN
090 _aTA710.2
100 1 _aRoberts, Jack
245 1 0 _aUnderstanding soil mechanics /
_cJack Roberts
260 _aAlbany,NY :
_bDelmar,
_c1995
300 _axi,255 p. :
_bill. ;
_c25 cm.
500 _aIncludes index.
650 1 _aSoil mechanics.
907 _a.b10116850
_b07-04-04
_c03-04-04
003
005 20230123133652.0
040 _cNUST
942 _cBOOKS
_kTA710.2
999 _c152579
_d152579